|
|
|
|
| LEADER |
00000naa2a2200000 4500 |
| 001 |
150876 |
| 005 |
20231226133844.0 |
| 035 |
|
|
|a (RuTPU)RU\TPU\book\163592
|
| 090 |
|
|
|a 150876
|
| 100 |
|
|
|a 20090115d2008 k y0rusy50 ca
|
| 101 |
0 |
|
|a rus
|
| 102 |
|
|
|a RU
|
| 200 |
1 |
|
|a Сорбционные возможности наноразмерных магнитных порошков на основе железа с модифицированной поверхностью
|f Е. В. Францина, В. А. Митькина
|g науч. рук. Т. А. Юрмазова, А. И. Галанов
|
| 320 |
|
|
|a Библиогр.: 7 назв.
|
| 461 |
|
1 |
|0 (RuTPU)RU\TPU\book\156858
|t Современные техника и технологии
|o 14 Международная научно-практическая конференция студентов, аспирантов и молодых ученых, г. Томск, 24-28 марта 2008 г.
|o труды
|o в 3 т.
|f Томский политехнический университет (ТПУ)
|d 2008
|
| 463 |
|
1 |
|0 (RuTPU)RU\TPU\book\158716
|t Т. 2
|v С. 116-117
|d 2008
|p 434 с.
|
| 610 |
1 |
|
|a порошки
|
| 610 |
1 |
|
|a магнитные порошки
|
| 610 |
1 |
|
|a наноразмерные порошки
|
| 610 |
1 |
|
|a магнетит
|
| 610 |
1 |
|
|a лекарственные средства
|
| 610 |
1 |
|
|a магнитные лекарственные средства
|
| 610 |
1 |
|
|a лекарства
|
| 610 |
1 |
|
|a импульсные электрические разряды
|
| 610 |
1 |
|
|a электрические разряды
|
| 610 |
1 |
|
|a труды учёных ТПУ
|
| 700 |
|
1 |
|a Францина
|b Е. В.
|c химик-технолог
|c доцент Томского политехнического университета, кандидат технических наук
|f 1985-
|g Евгения Владимировна
|3 (RuTPU)RU\TPU\pers\25034
|9 11167
|
| 701 |
|
1 |
|a Митькина
|b В. А.
|c химик-технолог
|c инженер-исследователь Томского политехнического университета, аспирант
|f 1987-
|g Виктория Александровна
|3 (RuTPU)RU\TPU\pers\25619
|
| 702 |
|
1 |
|a Юрмазова
|b Т. А.
|4 727
|
| 702 |
|
1 |
|a Галанов
|b А. И.
|4 727
|
| 801 |
|
1 |
|a RU
|b 63413507
|c 20090115
|g PSBO
|
| 801 |
|
2 |
|a RU
|b 63413507
|c 20160331
|g RCR
|
| 942 |
|
|
|c BK
|